000 00522nam a22002057a 4500
003 OSt
005 20170302145824.0
008 170302b xxu||||| |||| 00| 0 eng d
020 _a0750626348
040 _cDDC.
082 _a537.6LAN 2008.
100 _aLandau,L.D;[et....al]
_911733
245 _aElectrodynamics of Continuous Media.
250 _a2nd ed.
260 _axiii,460p;
_bill:
_c2008.
300 _axiii,460p;
_bill:
_c26cm
504 _aincludes index.
650 _aPhysics.
_9809
942 _2ddc
_cO_SHELF
999 _c5624
_d5624